II International Meeting on Lorentzian Geometry : Murcia, Spain, November 12-14, 2003 /
Guardado en:
| Autor Corporativo: | |
|---|---|
| Otros Autores: | |
| Formato: | Libro |
| Idioma: | English |
| Publicado: |
[Madrid :
Real Sociedad Matemática Española,
2004]
|
| Series: | Publicaciones de la Real Sociedad Matemática Española ;
v. 8 |
| Materias: | |
| Etiquetas: |
Agregar Etiqueta
Sin Etiquetas, Sea el primero en etiquetar este registro!
|
| LEADER | 00982nam a2200241 a 4500 | ||
|---|---|---|---|
| 001 | MAT.inmabb004566 | ||
| 008 | 050310s2004####esp######b/###100#0#eng## | ||
| 005 | 20160404173007.0 | ||
| 245 | 1 | 0 | |a II International Meeting on Lorentzian Geometry : |b Murcia, Spain, November 12-14, 2003 / |c edited by Luis J. Alías Linares ... [et al.]. |
| 260 | |a [Madrid : |b Real Sociedad Matemática Española, |c 2004] | ||
| 300 | |a 132 p. : |b il. ; |c 24 cm. | ||
| 440 | 0 | |a Publicaciones de la Real Sociedad Matemática Española ; |v v. 8 | |
| 504 | |a Incluye referencias bibliográficas. | ||
| 020 | |a 8493361054 | ||
| 111 | 2 | |a International Meeting on Lorentzian Geometry |n (2º : |d 2003 : |c Murcia) | |
| 700 | 1 | |a Alías Linares, Luis J. |4 edt | |
| 080 | |a 514.7(063) | ||
| 080 | |a 530.1:531.5(063) | ||
| 650 | 0 | 8 | |a Geometría diferencial |j Congresos y asambleas |
| 650 | 0 | 8 | |a Relatividad general |j Congresos y asambleas |
| 084 | |a 53-06 |2 MR | ||
| 040 | |a M-BN |b spa |c M-BN | ||
| 859 | |h 53 |i In615 |p A-8459 |b BIB. MATEMATICA | ||
